[Event "MARIENBAD OPEN 2019 - C - FIDE open"]
[Site "Polonia hotel, Marianske Lazne"]
[Date "2019.01.22"]
[Round "4"]
[White "Pawicka, Magdalena"]
[Black "Perman, Sergey"]
[Result "0-1"]
[WhiteElo "1709"]
[BlackElo "2108"]
[PlyCount "118"]
[EventDate "2019.01.19"]

1. e4 c5 2. Nf3 d6 3. d4 cxd4 4. Nxd4 Nf6 5. Nc3 g6 6. Be3 Bg7 7. f3 O-O 8. Qd2
Nc6 9. O-O-O Nxd4 10. Bxd4 Be6 11. Kb1 Qc7 12. h4 Rfc8 13. h5 Nxh5 14. Bxg7
Kxg7 15. g4 Nf6 16. Qh6+ Kg8 17. e5 dxe5 18. g5 Nh5 19. Rxh5 gxh5 20. Bd3 f5
21. gxf6 exf6 22. Rg1+ Bg4 23. Nd5 Qg7 24. Qd2 Kh8 25. Ne3 Qh6 26. fxg4 Rg8 27.
Rh1 Rxg4 28. Qe2 Rg5 29. Nf5 Qg6 30. Ng3 Qg7 31. Rxh5 Rxg3 32. a3 Rg1+ 33. Ka2
Qf7+ 34. b3 Rg7 35. Bf5 Rd8 36. Rh6 Qe7 37. Qe4 Rd4 38. Qe3 b6 39. Qc3 Qc7 40.
Qh3 Rd2 41. Kb2 Rd6 42. Qh5 Qe7 43. Be4 Rd4 44. Qf3 Rxe4 45. Qxe4 Rg5 46. Qd5
e4 47. Qd4 Qe5 48. Qxe5 Rxe5 49. Rxf6 e3 50. Rf1 e2 51. Re1 h5 52. Kc3 Kg7 53.
Kd2 Kf6 54. c4 h4 55. b4 h3 56. c5 bxc5 57. bxc5 Ke6 58. c6 Kd6 59. Rc1 e1=Q+
0-1

[Event "MARIENBAD OPEN 2019 - C - FIDE open"]
[Site "Polonia hotel, Marianske Lazne"]
[Date "2019.01.22"]
[Round "4"]
[White "Gnojek, Petr"]
[Black "Pacl, Vaclav"]
[Result "1/2-1/2"]
[WhiteElo "2086"]
[BlackElo "2013"]
[PlyCount "80"]
[EventDate "2019.01.19"]

1. d4 e6 2. c4 d5 3. Nc3 c5 4. Nf3 Nc6 5. cxd5 exd5 6. g3 Nf6 7. Bg2 Be7 8. O-O
O-O 9. Bg5 cxd4 10. Nxd4 h6 11. Be3 Bg4 12. Qb3 Na5 13. Qb5 a6 14. Qd3 Qd7 15.
Nb3 Nxb3 16. axb3 Bf5 17. Qd4 Rfd8 18. Na4 Qb5 19. Nb6 Rab8 20. Qa4 Qxe2 21.
Rfe1 Qh5 22. Bd4 Be6 23. Be5 Ng4 24. Bxb8 Rxb8 25. h3 Nxf2 26. Qf4 Nxh3+ 27.
Bxh3 Bc5+ 28. Re3 Bxe3+ 29. Qxe3 Qxh3 30. Qf4 Rf8 31. Rd1 Qh5 32. Rd4 Qe2 33.
Nxd5 Bxd5 34. Rxd5 Qxb2 35. b4 Rc8 36. Rd2 Qc3 37. Kh2 Qc4 38. Rd8+ Rxd8 39.
Qxc4 Rd6 40. Qc7 Rf6 1/2-1/2

[Event "MARIENBAD OPEN 2019 - C - FIDE open"]
[Site "Polonia hotel, Marianske Lazne"]
[Date "2019.01.22"]
[Round "4"]
[White "Kolbus, Dietmar"]
[Black "Pavlicek, Lukas"]
[Result "1-0"]
[WhiteElo "2294"]
[BlackElo "2004"]
[PlyCount "133"]
[EventDate "2019.01.19"]

1. c4 g6 2. e4 Bg7 3. d4 d6 4. Nc3 Nf6 5. Bd3 O-O 6. Nge2 e5 7. d5 Nbd7 8. f3
c6 9. Be3 c5 10. Qd2 a6 11. g4 Ne8 12. Ng3 Nc7 13. h4 b5 14. h5 bxc4 15. Bxc4
Nb6 16. Bd3 a5 17. O-O-O Ba6 18. Rdg1 Bxd3 19. Qxd3 a4 20. a3 Qd7 21. Rg2 Ra5
22. Rgh2 Nb5 23. Nxb5 Qxb5 24. Qxb5 Rxb5 25. Rc2 Rb3 26. Kd2 Rb8 27. Ke2 c4 28.
Bd2 Nd7 29. Bc1 Rc8 30. Nf1 Rb7 31. Nd2 Nb6 32. Nb1 f5 33. hxg6 hxg6 34. gxf5
gxf5 35. Nc3 f4 36. Bd2 Kf7 37. Be1 Ra8 38. Bf2 Nd7 39. Na2 Rb3 40. Rb1 Rc8 41.
Rc3 Rxc3 42. Nxc3 Ra8 43. Rc1 Bf8 44. Na2 Rc8 45. Nb4 Nb8 46. Ba7 Be7 47. Rh1
Kg7 48. Kd2 Bd8 49. Kc3 Ba5 50. Bxb8 Rxb8 51. Kxc4 Bxb4 52. axb4 Rc8+ 53. Kb5
Rc2 54. Kxa4 Rxb2 55. Rc1 Kf6 56. Rc7 Kg5 57. b5 Kh4 58. Rg7 Rb1 59. Rg8 Ra1+
60. Kb4 Rb1+ 61. Ka5 Ra1+ 62. Kb6 Ra3 63. Kc6 Rxf3 64. b6 Rb3 65. b7 f3 66.
b8=Q Rxb8 67. Rxb8 1-0

[Event "MARIENBAD OPEN 2019 - C - FIDE open"]
[Site "Polonia hotel, Marianske Lazne"]
[Date "2019.01.22"]
[Round "4"]
[White "Shilov, Sergej"]
[Black "Luberanski, Jakub"]
[Result "1-0"]
[WhiteElo "2243"]
[BlackElo "1959"]
[PlyCount "73"]
[EventDate "2019.01.19"]

1. c4 Nf6 2. Nc3 g6 3. g3 Bg7 4. Bg2 d6 5. d4 O-O 6. Nf3 Nc6 7. O-O e5 8. d5
Ne7 9. e4 Ne8 10. b4 f5 11. Ng5 h6 12. Ne6 Bxe6 13. dxe6 f4 14. c5 a5 15. cxd6
Nxd6 16. b5 g5 17. Ba3 Qe8 18. b6 Ndc8 19. Qd7 Bf6 20. Qxe8 Rxe8 21. bxc7 g4
22. Rfd1 Ra6 23. Bf1 Rc6 24. Rd8 Rf8 25. Nd5 Bg5 26. Bb5 Rc2 27. Bxe7 Nxe7 28.
Bd7 Nxd5 29. Rxf8+ Kxf8 30. c8=Q+ Rxc8 31. Bxc8 Nf6 32. Bxb7 Ke7 33. Rb1 fxg3
34. hxg3 Kxe6 35. Rb6+ Kd7 36. Rb5 Kc7 37. Ba8 1-0

[Event "MARIENBAD OPEN 2019 - C - FIDE open"]
[Site "Polonia hotel, Marianske Lazne"]
[Date "2019.01.22"]
[Round "4"]
[White "Chudinovskikh, Alexander M"]
[Black "Hrdina, Karl"]
[Result "1-0"]
[WhiteElo "2184"]
[BlackElo "1909"]
[PlyCount "79"]
[EventDate "2019.01.19"]

1. e4 e5 2. Nf3 Nc6 3. Bc4 Be7 4. O-O Nf6 5. d3 O-O 6. Re1 d6 7. c3 a6 8. a4
Na5 9. Ba2 c5 10. d4 Nc6 11. h3 Qc7 12. d5 Nb8 13. Qe2 Bd7 14. Bc4 a5 15. Nbd2
Na6 16. Bb5 Qd8 17. Nf1 Nc7 18. Bd3 h6 19. Ne3 Nh7 20. Nc4 Na6 21. Kh2 f5 22.
exf5 Bxf5 23. Bxf5 Rxf5 24. Qe4 Qf8 25. Nxa5 Rb8 26. Nc4 g6 27. Re2 Nf6 28. Qc2
Nxd5 29. Qb3 Nac7 30. Ne3 e4 31. Nxf5 gxf5 32. Ng1 Kh7 33. f3 Nf6 34. fxe4 Nxe4
35. Bf4 Bg5 36. Rf1 Qg7 37. Bxg5 c4 38. Qxc4 d5 39. Qd4 Qxg5 40. Qe5 1-0

[Event "MARIENBAD OPEN 2019 - C - FIDE open"]
[Site "Polonia hotel, Marianske Lazne"]
[Date "2019.01.22"]
[Round "4"]
[White "Jiruse, Josef"]
[Black "Steiner, Pavel"]
[Result "1-0"]
[WhiteElo "2023"]
[BlackElo "1720"]
[PlyCount "35"]
[EventDate "2019.01.19"]

1. e4 c6 2. d4 d5 3. f3 e6 4. Nc3 Bb4 5. e5 c5 6. a3 Bxc3+ 7. bxc3 f6 8. f4
fxe5 9. dxe5 Nc6 10. Nf3 Nge7 11. Be2 Bd7 12. O-O Qc7 13. Be3 b6 14. Ba6 Bc8
15. Bd3 Bb7 16. Ng5 Bc8 17. Bxh7 Bd7 18. Qh5+ 1-0

[Event "MARIENBAD OPEN 2019 - C - FIDE open"]
[Site "Polonia hotel, Marianske Lazne"]
[Date "2019.01.22"]
[Round "4"]
[White "Dylag, Emilia"]
[Black "Starosta, Martyna"]
[Result "1-0"]
[WhiteElo "2002"]
[BlackElo "1678"]
[PlyCount "97"]
[EventDate "2019.01.19"]

1. Nf3 Nf6 2. g3 g6 3. Bg2 Bg7 4. O-O O-O 5. d3 d5 6. Nbd2 c6 7. e4 Nfd7 8. Re1
e5 9. Nb3 d4 10. c3 c5 11. cxd4 cxd4 12. Bg5 Qb6 13. Rc1 Nc6 14. Nfd2 Nf6 15.
Nc4 Qc7 16. Qd2 Re8 17. Nba5 Bd7 18. Nxc6 Bxc6 19. Na5 Qb6 20. Nxc6 bxc6 21.
Qc2 Rac8 22. Bh3 Rc7 23. b3 c5 24. Qc4 a5 25. Rc2 h6 26. Bc1 Nh7 27. f4 h5 28.
Ba3 Bf8 29. Qa4 Nf6 30. Rf1 Kg7 31. Bc1 Rce7 32. fxe5 Rxe5 33. Bf4 Kg8 34. Bxe5
Rxe5 35. Rcf2 Bg7 36. Qc4 Kf8 37. Qc1 Qc6 38. Qf4 Qd6 39. Qd2 Qb6 40. a3 Qb5
41. Rxf6 Bxf6 42. Rxf6 a4 43. bxa4 Qxa4 44. Qf4 Re7 45. Rxg6 Qd1+ 46. Bf1 c4
47. Qh6+ Ke8 48. Qh8+ Kd7 49. Qxd4+ 1-0

[Event "MARIENBAD OPEN 2019 - C - FIDE open"]
[Site "Polonia hotel, Marianske Lazne"]
[Date "2019.01.22"]
[Round "4"]
[White "Burda, Otto"]
[Black "Frank, Adam"]
[Result "0-1"]
[WhiteElo "1833"]
[BlackElo "2108"]
[PlyCount "40"]
[EventDate "2019.01.19"]

1. d4 f5 2. c4 Nf6 3. Nc3 g6 4. Nf3 Bg7 5. g3 O-O 6. Bg2 d6 7. O-O Qe8 8. Qc2
e5 9. e3 Nc6 10. Rd1 e4 11. Nd2 Bh6 12. a3 a5 13. Ne2 g5 14. Nf1 Qh5 15. Nc3 f4
16. Bxe4 Nxe4 17. Qxe4 Bg4 18. f3 Bxf3 19. Qe6+ Kh8 20. Rd2 Rae8 0-1

[Event "MARIENBAD OPEN 2019 - D - Open Seniors"]
[Site "Polonia hotel, Marianske Lazne"]
[Date "2019.01.22"]
[Round "4"]
[White "Polich, Sergei"]
[Black "Kozak, Milos"]
[Result "1/2-1/2"]
[WhiteElo "2112"]
[BlackElo "2203"]
[PlyCount "23"]
[EventDate "2019.01.19"]

1. Nf3 Nf6 2. d4 e6 3. Bf4 d5 4. e3 c5 5. c3 Nc6 6. Nbd2 Bd6 7. Bg3 O-O 8. Bd3
b6 9. Qe2 Bb7 10. dxc5 bxc5 11. e4 Be7 12. b3 1/2-1/2

[Event "MARIENBAD OPEN 2019 - D - Open Seniors"]
[Site "Polonia hotel, Marianske Lazne"]
[Date "2019.01.22"]
[Round "4"]
[White "Bartos, Jan"]
[Black "Briza, Jiri"]
[Result "1-0"]
[WhiteElo "2178"]
[BlackElo "1944"]
[PlyCount "51"]
[EventDate "2019.01.19"]

1. Nf3 d5 2. c4 c6 3. e3 Nf6 4. Nc3 e6 5. d4 Bb4 6. Bd2 O-O 7. Bd3 Nbd7 8. O-O
Re8 9. Nxd5 exd5 10. Bxb4 Ne4 11. cxd5 cxd5 12. Qc2 h6 13. Rac1 Ng5 14. Nxg5
Qxg5 15. Qc7 a6 16. Qg3 Qf6 17. Rc7 Re6 18. Rfc1 Nb6 19. b3 a5 20. Bxa5 Re8 21.
Bxb6 Qxb6 22. Qf3 Qe6 23. Bb5 Rd8 24. a4 f5 25. Qg3 Qf6 26. h4 1-0

[Event "MARIENBAD OPEN 2019 - D - Open Seniors"]
[Site "Polonia hotel, Marianske Lazne"]
[Date "2019.01.22"]
[Round "4"]
[White "Malinovsky, Petr"]
[Black "Schatz, Christian"]
[Result "1/2-1/2"]
[WhiteElo "2004"]
[BlackElo "2159"]
[PlyCount "25"]
[EventDate "2019.01.19"]

1. d4 Nf6 2. c4 c5 3. d5 b5 4. cxb5 a6 5. bxa6 Bxa6 6. Nc3 d6 7. e4 Qa5 8. Bxa6
Qxa6 9. Nf3 g6 10. a4 Bg7 11. Nb5 O-O 12. O-O Qb7 13. Re1 1/2-1/2

[Event "MARIENBAD OPEN 2019 - D - Open Seniors"]
[Site "Polonia hotel, Marianske Lazne"]
[Date "2019.01.22"]
[Round "4"]
[White "Van Kesteren, Stef"]
[Black "Chmelik, Jiri"]
[Result "1/2-1/2"]
[WhiteElo "1853"]
[BlackElo "1977"]
[PlyCount "34"]
[EventDate "2019.01.19"]

1. e4 c5 2. c3 Nf6 3. e5 Nd5 4. g3 Qc7 5. Nf3 Nc6 6. Qe2 e6 7. Bg2 Be7 8. O-O
O-O 9. Na3 a6 10. Nc2 Rb8 11. Re1 b5 12. d3 Bb7 13. Bd2 Rbe8 14. Rac1 Qb8 15.
d4 cxd4 16. cxd4 Ncb4 17. Nxb4 Nxb4 1/2-1/2

[Event "MARIENBAD OPEN 2019 - D - Open Seniors"]
[Site "Polonia hotel, Marianske Lazne"]
[Date "2019.01.22"]
[Round "4"]
[White "Baum, Bernd"]
[Black "Kucera, Jiri"]
[Result "1/2-1/2"]
[WhiteElo "2204"]
[BlackElo "1939"]
[PlyCount "114"]
[EventDate "2019.01.19"]

1. c4 f5 2. Nc3 Nf6 3. g3 e6 4. Bg2 d5 5. d4 c6 6. Nf3 Be7 7. O-O O-O 8. b3 Ne4
9. Qc2 Nd7 10. e3 Ndf6 11. Ne2 Bd7 12. Ne5 g5 13. f3 Nd6 14. c5 Nf7 15. Nd3 Qc7
16. Bb2 g4 17. f4 Ne4 18. b4 Bf6 19. Bc3 Kh8 20. Rfb1 Rg8 21. a4 a6 22. Ne5
Nxe5 23. dxe5 Be7 24. Bd4 h5 25. Bxe4 dxe4 26. Nc1 h4 27. Nb3 hxg3 28. hxg3 Kg7
29. Kg2 Rh8 30. Rh1 Rxh1 31. Rxh1 Rh8 32. Rxh8 Kxh8 33. Na5 Kg7 34. Qc1 Qb8 35.
Nc4 Qh8 36. Qh1 Qxh1+ 37. Kxh1 Kf8 38. Na5 Bc8 39. Kg2 Ke8 40. Kf2 Kd8 41. Ke2
Kc7 42. Nc4 Bd7 43. Bc3 Kb8 44. Kd1 Bd8 45. Kc2 Ka7 46. Kb3 Be8 47. Bd2 Bd7 48.
Kc3 Be8 49. Nd6 Bd7 50. Kc4 Be7 51. Bc3 Bd8 52. Kb3 Be7 53. Nc4 Bd8 54. Na3 Be7
55. Kc4 Bd8 56. Nc2 Be7 57. Kd4 Bd8 1/2-1/2

[Event "MARIENBAD OPEN 2019 - D - Open Seniors"]
[Site "Polonia hotel, Marianske Lazne"]
[Date "2019.01.22"]
[Round "4"]
[White "Brhlik, Antonin"]
[Black "Stokes, Paul C"]
[Result "1-0"]
[WhiteElo "1624"]
[BlackElo "1857"]
[PlyCount "69"]
[EventDate "2019.01.19"]

1. e4 d5 2. exd5 Nf6 3. d4 Bg4 4. Nf3 Qxd5 5. Be2 Nc6 6. c4 Qh5 7. Be3 e6 8.
Nbd2 Bd6 9. Qb3 Rb8 10. O-O-O O-O 11. h3 Bxf3 12. Nxf3 Qa5 13. c5 Be7 14. Bd2
Nxd4 15. Bxa5 Nxb3+ 16. axb3 Bxc5 17. Rhf1 b6 18. Bd2 Ne4 19. Be3 Bxe3+ 20.
fxe3 Ng3 21. Rfe1 Nxe2+ 22. Rxe2 Rfd8 23. Red2 Rxd2 24. Rxd2 Kf8 25. Ne5 Rc8
26. Nc6 a5 27. Kc2 f6 28. Rd7 h5 29. g3 g6 30. Kd3 Ke8 31. Rh7 b5 32. Kd4 a4
33. bxa4 bxa4 34. Rh8+ Kd7 35. Nb8+ 1-0

[Event "MARIENBAD OPEN 2019 - D - Open Seniors"]
[Site "Polonia hotel, Marianske Lazne"]
[Date "2019.01.22"]
[Round "4"]
[White "Simecek, Jan"]
[Black "Simkin, Alexander"]
[Result "0-1"]
[WhiteElo "1840"]
[BlackElo "1742"]
[PlyCount "98"]
[EventDate "2019.01.19"]

1. d4 d5 2. Nf3 Nf6 3. c4 c6 4. cxd5 cxd5 5. Nc3 e6 6. Bg5 Be7 7. e3 O-O 8. Bd3
h6 9. Bh4 Nbd7 10. O-O a6 11. Rc1 b5 12. Bb1 Bb7 13. Qd3 Ne4 14. Bxe7 Qxe7 15.
Nd2 f5 16. f3 Nxd2 17. Qxd2 Rac8 18. Ne2 Nb6 19. Nf4 Rxc1 20. Rxc1 Nc4 21. Qe2
Rc8 22. Nd3 Nd6 23. Nc5 e5 24. Re1 e4 25. f4 Rc6 26. Bc2 Bc8 27. Bd1 Nb7 28. b4
Nd6 29. Bb3 Nc4 30. g3 Qf7 31. h3 Rg6 32. Kh2 Rc6 33. g4 Rg6 34. Rg1 Qf6 35. g5
hxg5 36. Qh5 g4 37. Rg3 Qc6 38. Qh4 Qd6 39. Qh5 Qc6 40. Qh4 Rh6 41. Qd8+ Kh7
42. Bxc4 bxc4 43. Kg2 c3 44. Qa5 c2 45. Qa3 Qb5 46. Kf2 gxh3 47. Rg1 h2 48. Rh1
Qe8 49. Qc1 Qh5 0-1

[Event "MARIENBAD OPEN 2019 - D - Open Seniors"]
[Site "Polonia hotel, Marianske Lazne"]
[Date "2019.01.22"]
[Round "4"]
[White "Truksa, Vaclav"]
[Black "Horyna, Josef"]
[Result "0-1"]
[WhiteElo "1802"]
[BlackElo "1710"]
[PlyCount "78"]
[EventDate "2019.01.19"]

1. d4 Nf6 2. Nf3 e6 3. e3 d5 4. Bd3 Bd6 5. Nbd2 Nbd7 6. O-O O-O 7. e4 Nxe4 8.
Nxe4 dxe4 9. Bxe4 Nf6 10. Bg5 h6 11. Bxf6 Qxf6 12. c3 c6 13. Re1 Bc7 14. Qe2 a5
15. a4 Rd8 16. Ne5 Kf8 17. Bc2 Bxe5 18. dxe5 Qe7 19. Rad1 Bd7 20. Qe4 g6 21.
Rd3 Be8 22. Rf3 Kg7 23. h4 h5 24. Rf6 Rd2 25. g4 hxg4 26. Bd1 g3 27. Rf1 Rxf2
28. R1xf2 gxf2+ 29. Kxf2 Rd8 30. Ke1 Qc5 31. Bb3 Qg1+ 32. Rf1 Qg3+ 33. Ke2 Qh2+
34. Rf2 Rd2+ 35. Kxd2 Qxf2+ 36. Qe2 Qxh4 37. Bd1 Qf4+ 38. Ke1 c5 39. b3 Bc6 0-1

[Event "MARIENBAD OPEN 2019 - A2 - GM"]
[Site "Polonia hotel, Marianske Lazne"]
[Date "2019.01.22"]
[Round "5"]
[White "Simacek, Pavel"]
[Black "Kovalev, Andrei"]
[Result "1/2-1/2"]
[WhiteElo "2481"]
[BlackElo "2520"]
[EventDate "2019.01.19"]

1. e4  e5  2. Nf3  Nc6
3. Bb5  a6  4. Ba4
Nf6  5. O-O  Be7
6. Re1  b5  7. Bb3
d6  8. c3  O-O
9. h3  Nb8  10. d4  Nbd7
11. a4  Bb7  12. Bc2
1/2-1/2

[Event "MARIENBAD OPEN 2019 - A2 - GM"]
[Site "Polonia hotel, Marianske Lazne"]
[Date "2019.01.22"]
[Round "5"]
[White "Liu, Guanchu"]
[Black "Kriebel, Tadeas"]
[Result "1/2-1/2"]
[WhiteElo "2425"]
[BlackElo "2519"]
[EventDate "2019.01.19"]

1. e4  e5  2. Nf3  Nc6
3. Nc3  Nf6  4. Bc4
Nxe4  5. Nxe4  d5
6. Bd3  Nb4  7. Ng3
e4  8. Be2  exf3
9. Bxf3  Qe7+  10. Be2
Bg4  11. O-O  Bxe2
12. Nxe2  O-O-O  13. d4
Qf6  14. Bf4  Bd6
15. Bxd6  Rxd6  16. c3
Nc6  17. Ng3  h5
18. Re1  Kb8  19. Qd3
g6  20. Re3  Re6
21. Rae1  Rhe8  22. Nf1
Nd8  23. g3  Rxe3
24. Rxe3  Rxe3  25. Nxe3
c6  26. Ng2  Ne6
27. h4  Kc7  28. Ne1
Ng7  1/2-1/2

[Event "MARIENBAD OPEN 2019 - B2 - IM"]
[Site "Polonia hotel, Marianske Lazne"]
[Date "2019.01.22"]
[Round "5"]
[White "Cerveny, Petr"]
[Black "Plischki, Sebastian"]
[Result "1-0"]
[WhiteElo "2318"]
[BlackElo "2426"]
[EventDate "2019.01.19"]

1. e4  c5  2. Nf3  e6
3. g3  Nc6  4. Bg2
Nf6  5. d3  d5
6. Nbd2  Be7  7. O-O  O-O
8. Re1  Qc7  9. e5
Nd7  10. Qe2  b5
11. h4  Bb7  12. Nf1
Rfc8  13. Bf4  Qd8
14. N1h2  b4  15. Bh3
a5  16. h5  h6
17. Ng4  Bf8  18. Qd2  Nd4
19. Nxd4  cxd4  20. Nh2
b3  21. Rec1  bxc2
22. Rxc2  Rxc2  23. Qxc2
a4  24. Nf3  Qb6
25. Kh1  a3  26. b3
Rc8  27. Qe2  Ba6
28. Bf1  Bb4  29. g4
Nc5  30. Qd1  Bc3
31. Rb1  Bb5  32. g5
Qa6  33. gxh6  Nxd3
34. Bxd3  Bxd3  35. Qg1
g6  36. Qg5  Bxb1
37. Kg1  f6  38. Qxf6
Qb7  39. hxg6  Bxg6
40. Qxg6+  Kh8  41. Bg5
1-0

[Event "MARIENBAD OPEN 2019 - B2 - IM"]
[Site "Polonia hotel, Marianske Lazne"]
[Date "2019.01.22"]
[Round "5"]
[White "German, Nikita"]
[Black "Jurek, Josef"]
[Result "1/2-1/2"]
[WhiteElo "2162"]
[BlackElo "2273"]
[EventDate "2019.01.19"]

1. e4  e6  2. d4  d5
3. Nd2  Be7  4. Ngf3
Nf6  5. Bd3  c5
6. c3  cxd4  7. Nxd4  e5
8. N4f3  Nc6  9. O-O
O-O  10. Qe2  Bg4
11. exd5  Qxd5  12. Ne4
Rad8  13. Nxf6+  Bxf6
14. Be4  Qe6  15. Qc2
Kh8  1/2-1/2

[Event "MARIENBAD OPEN 2019 - C - FIDE open"]
[Site "the Polonia hotel, Hlavni trid"]
[Date "2019.01.22"]
[Round "5"]
[White "Chkhaidze, Nikoloz"]
[Black "Shagbazyan, Taron"]
[Result "1-0"]
[WhiteElo "2290"]
[BlackElo "2415"]
[PlyCount "193"]
[EventDate "2019.01.19"]

1. e4 e5 2. Nf3 Nc6 3. Nc3 Nf6 4. Bb5 Nd4 5. Bc4 Bc5 6. Nxe5 Qe7 7. Nf3 d5 8.
Bxd5 Bg4 9. d3 c6 10. Bb3 Nd7 11. Be3 Ne5 12. Nxd4 Bxd1 13. Nf5 Qf8 14. Bxc5
Qxc5 15. d4 Qa5 16. Rxd1 O-O-O 17. dxe5 Rxd1+ 18. Kxd1 Qxe5 19. g3 g6 20. Ne3
b5 21. f4 Qh5+ 22. Kc1 b4 23. Ncd1 Qf3 24. Rf1 Qxe4 25. Bxf7 Rf8 26. Bc4 Kc7
27. Bd3 Qd4 28. f5 gxf5 29. Rf4 Qe5 30. Nxf5 Rf7 31. Re4 Qd5 32. Nde3 Qxa2 33.
Rxb4 a5 34. Rb3 Qa1+ 35. Kd2 Qg1 36. Ra3 Qxh2+ 37. Kc3 Qf2 38. Kb3 Qe1 39. Ka2
Rf8 40. Rc3 a4 41. Bb5 Kb6 42. Rxc6+ Ka7 43. Ra6+ Kb8 44. Bxa4 Rf7 45. Bb3 Ra7
46. Rxa7 Kxa7 47. c3 Kb8 48. Bd5 Qd2 49. Kb3 Qd3 50. Kb4 Kc7 51. b3 Kb6 52. Bc4
Qd8 53. Nd5+ Kc6 54. Nde7+ Kb6 55. Bd5 Qc7 56. c4 Qc5+ 57. Kc3 Qa3 58. Be4 Kc5
59. Bc2 Qa1+ 60. Kd2 Qa5+ 61. Kd3 Qe1 62. Nd5 Qf1+ 63. Kc3 Qe1+ 64. Kb2 Qe5+
65. Ka2 Qe1 66. g4 h6 67. Nfe3 Qe2 68. b4+ Kd4 69. Kb3 Qf2 70. Nf5+ Ke5 71.
Nde3 Qf3 72. b5 h5 73. gxh5 Qxh5 74. Kb4 Qh1 75. Kc5 Qa8 76. Ng4+ Ke6 77. Nd4+
Kd7 78. Ne5+ Kc7 79. b6+ Kb8 80. Nb5 Qg2 81. Nd4 Qg5 82. Kd6 Qh6+ 83. Ne6 Qd2+
84. Bd3 Kc8 85. c5 Qa5 86. Be4 Qd2+ 87. Nd3 Qe3 88. b7+ Kb8 89. c6 Qb6 90. Ndc5
Ka7 91. Nd7 Qb4+ 92. Kc7 Qa5+ 93. Kc8 Qa6 94. Ndc5 Qb5 95. c7 Qe8+ 96. Nd8 Qd7+
97. Kxd7 1-0

[Event "MARIENBAD OPEN 2019 - C - FIDE open"]
[Site "the Polonia hotel, Hlavni trid"]
[Date "2019.01.22"]
[Round "5"]
[White "Kushko, Dmitriy"]
[Black "Lys, Josef"]
[Result "1/2-1/2"]
[WhiteElo "2270"]
[BlackElo "2134"]
[PlyCount "73"]
[EventDate "2019.01.19"]

1. Nf3 d5 2. g3 Bf5 3. Bg2 e6 4. O-O c6 5. d3 h6 6. Nbd2 Nf6 7. Qe1 Bh7 8. b3
Be7 9. Bb2 O-O 10. e4 dxe4 11. dxe4 Nbd7 12. Qe2 Qc7 13. e5 Nd5 14. Ne4 a5 15.
c4 Nb4 16. Bd4 Rfd8 17. Rfd1 c5 18. Bc3 Nc6 19. Kh1 Ndxe5 20. Nxe5 Nxe5 21.
Nxc5 Bxc5 22. Qxe5 Qxe5 23. Bxe5 Bc2 24. Rxd8+ Rxd8 25. Bxb7 Bxf2 26. Bf3 a4
27. Rc1 axb3 28. axb3 Bxb3 29. c5 f6 30. Bd6 Bd5 31. Kg2 Be3 32. Re1 Bd4 33.
Bxd5 exd5 34. c6 Rc8 35. c7 Be5 36. Bxe5 fxe5 37. Rxe5 1/2-1/2

[Event "MARIENBAD OPEN 2019 - C - FIDE open"]
[Site "the Polonia hotel, Hlavni trid"]
[Date "2019.01.22"]
[Round "5"]
[White "Simet, Martin"]
[Black "Laurincova, Kristyna"]
[Result "1/2-1/2"]
[WhiteElo "2223"]
[BlackElo "2044"]
[PlyCount "136"]
[EventDate "2019.01.19"]

1. b3 c5 2. Bb2 Nc6 3. f4 d6 4. Nf3 Qc7 5. e3 a6 6. Be2 e5 7. O-O g6 8. Bc4 b5
9. Bd5 Nge7 10. Bxf7+ Kxf7 11. fxe5 Rg8 12. Ng5+ Ke8 13. Nxh7 Nd5 14. Nxf8 Rxf8
15. Rxf8+ Kxf8 16. exd6 Qxd6 17. Nc3 Nxc3 18. Bxc3 Ra7 19. Qe2 Rf7 20. Rf1 Bf5
21. d3 Qe6 22. h3 Qe7 23. Qf3 Bd7 24. Qg3 Rxf1+ 25. Kxf1 Qf7+ 26. Kg1 Qe6 27.
Qg5 Qf5 28. Qh6+ Ke7 29. e4 Qh5 30. Qg7+ Kd8 31. Kh2 Kc7 32. Be1 Kc8 33. Bg3
Qg5 34. Qf8+ Kb7 35. Qd6 Qd8 36. Qxc5 g5 37. d4 Qb6 38. Qxg5 Qxd4 39. Qf4 Qb6
40. Qd6 Qd8 41. c4 bxc4 42. bxc4 Be8 43. Qf4 Qe7 44. h4 Bf7 45. c5 Bxa2 46. h5
Qxc5 47. Qc7+ Ka8 48. Qc8+ Ka7 49. Bb8+ Kb6 50. Bc7+ Ka7 51. h6 Qh5+ 52. Qh3
Qxh3+ 53. Kxh3 Bg8 54. Kh4 Nd4 55. Kg5 Bh7 56. Bd6 Kb7 57. e5 Kc6 58. g4 Kd5
59. Kf6 Ne6 60. Bb4 Be4 61. Bd2 Nf8 62. Bf4 Ne6 63. Bd2 Nf8 64. Bc3 Ne6 65. Bb4
Bd3 66. Bc3 Be4 67. g5 Nxg5 68. Kxg5 Ke6 1/2-1/2

[Event "MARIENBAD OPEN 2019 - C - FIDE open"]
[Site "the Polonia hotel, Hlavni trid"]
[Date "2019.01.22"]
[Round "5"]
[White "Perman, Sergey"]
[Black "Svanda, Ondrej"]
[Result "0-1"]
[WhiteElo "2108"]
[BlackElo "2215"]
[PlyCount "100"]
[EventDate "2019.01.19"]

1. e4 c5 2. Nf3 e6 3. d4 cxd4 4. Nxd4 Nf6 5. Nc3 d6 6. g4 h6 7. Be3 a6 8. f3 b5
9. Qd2 Bb7 10. O-O-O Nbd7 11. Qf2 Rc8 12. Nb3 Qc7 13. Rg1 Ne5 14. Bb6 Qb8 15.
Bd3 Nfd7 16. Ba7 Qc7 17. f4 Nxd3+ 18. Rxd3 b4 19. Nd5 exd5 20. exd5 Be7 21. Re1
Kf8 22. Nd4 Bf6 23. Kb1 Nc5 24. Bxc5 Qxc5 25. g5 Bxd4 26. Rxd4 Bxd5 27. Qd2 Be6
28. Rxd6 Kg8 29. g6 Bxa2+ 30. Kxa2 fxg6 31. Kb1 Kh7 32. Qd3 Qf5 33. Qxf5 gxf5
34. Rd4 Rhd8 35. Red1 Rxd4 36. Rxd4 Rb8 37. Rd6 g5 38. Rxa6 gxf4 39. Rd6 Rc8
40. Rd2 Kg6 41. Ka2 Re8 42. Rd4 Re4 43. Rd2 Kg5 44. Kb3 f3 45. c4 bxc3 46. Kxc3
Kf4 47. Kd3 Re3+ 48. Kc2 Re2 49. Kd3 Rg2 50. b4 f2 0-1

[Event "MARIENBAD OPEN 2019 - C - FIDE open"]
[Site "the Polonia hotel, Hlavni trid"]
[Date "2019.01.22"]
[Round "5"]
[White "Michalczak, Thomas"]
[Black "Kolbus, Dietmar"]
[Result "1-0"]
[WhiteElo "2139"]
[BlackElo "2294"]
[PlyCount "119"]
[EventDate "2019.01.19"]

1. e4 c6 2. d4 d5 3. Nc3 g6 4. e5 Bg7 5. f4 h5 6. Nf3 Bg4 7. Be3 e6 8. h3 Bxf3
9. Qxf3 h4 10. Bd3 Nd7 11. O-O Ne7 12. Ne2 Nf5 13. Bf2 Bf8 14. b3 a5 15. c4 Nb6
16. c5 Nd7 17. a3 b6 18. b4 Qc7 19. Kh2 Be7 20. Ng1 Rb8 21. Rfb1 Kf8 22. Qe2
Kg7 23. Nf3 axb4 24. axb4 bxc5 25. bxc5 Rxb1 26. Bxb1 Ng3 27. Bxg3 hxg3+ 28.
Kxg3 Rb8 29. Bc2 Rb2 30. Qd3 Rb8 31. h4 Rh8 32. Kh3 Nb8 33. g3 Qb7 34. Qa3 Qc7
35. Kg2 Rc8 36. Qd3 Rh8 37. Ra8 Nd7 38. Ra1 Nb8 39. Ne1 Qb7 40. Qb3 Qd7 41. Nd3
Rc8 42. Qb6 Bd8 43. Qa7 Qxa7 44. Rxa7 Rc7 45. Ra8 Rb7 46. Kf3 Be7 47. Ke3 Kh6
48. Kd2 Kg7 49. Kc3 f6 50. Nb4 fxe5 51. fxe5 g5 52. h5 g4 53. Bd1 Bg5 54. Bxg4
Be3 55. Na6 Nd7 56. Bxe6 Nf8 57. Bf5 Re7 58. Rc8 Ne6 59. Bxe6 Rxe6 60. Nb4 1-0

[Event "MARIENBAD OPEN 2019 - C - FIDE open"]
[Site "the Polonia hotel, Hlavni trid"]
[Date "2019.01.22"]
[Round "5"]
[White "Qiu, Mengjie"]
[Black "Tennstedt, Andreas"]
[Result "1-0"]
[WhiteElo "2247"]
[BlackElo "2126"]
[PlyCount "107"]
[EventDate "2019.01.19"]

1. e4 g6 2. d4 Bg7 3. Nf3 c6 4. c4 d6 5. Be2 Nf6 6. Nc3 O-O 7. O-O Bg4 8. h3
Bxf3 9. Bxf3 Qc7 10. Be3 Nbd7 11. Qd2 a6 12. a4 a5 13. Rac1 Rfd8 14. Rfd1 e5
15. d5 Nc5 16. Rb1 Na6 17. dxc6 bxc6 18. Qe2 Nd7 19. Rd2 Ndc5 20. Qd1 Rab8 21.
b3 Rb4 22. Na2 Rbb8 23. Bg5 f6 24. Be3 Bf8 25. Rdb2 Rb7 26. b4 axb4 27. Nxb4
Rdb8 28. Nxa6 Nxa6 29. Qd2 Be7 30. Rxb7 Rxb7 31. Rxb7 Qxb7 32. a5 Qb4 33. Qxb4
Nxb4 34. Bd2 Na6 35. Bg4 Bd8 36. Bc8 Nc5 37. a6 Bb6 38. Be3 Kf7 39. Bb7 Ke7 40.
Bxc6 Kd8 41. Bd5 g5 42. h4 h6 43. Kh2 Kc7 44. Kh3 Nxa6 45. Bxb6+ Kxb6 46. h5
Nc5 47. Kg4 Nd3 48. Kf5 Nxf2 49. Kxf6 Kc5 50. Kg6 Ng4 51. Be6 Nf2 52. Bf5 Kxc4
53. Kxh6 Nxe4 54. Kg6 1-0